Daňové trestné činy a ich posudzovanie v aplikačnej praxi SR a vybranej krajiny diplomová práca

Salvato in:
Dettagli Bibliografici
Autore principale: Charvát, Martin
Ente Autore: Národohospodárska fakulta EU. Katedra financií
Altri autori: Rabatinová, Marcela, 1977-
Natura: Libro
Lingua:slovacco
Pubblicazione: Bratislava 2025
Tags: Aggiungi Tag
Nessun Tag, puoi essere il primo ad aggiungerne!!

MARC

LEADER 00000nbm a2200000 4500
001 0309364
005 20251016123923.2
041 0 |a slo 
044 |a SK 
245 1 0 |a Daňové trestné činy a ich posudzovanie v aplikačnej praxi SR a vybranej krajiny  |b diplomová práca  |c Martin Charvát ; školiteľ: Marcela Rabatinová 
264 1 |a Bratislava  |c 2025 
300 |a 81 s. 
100 1 |a Charvát, Martin 
700 1 |a Rabatinová, Marcela, 1977- 
710 2 |a Národohospodárska fakulta EU. Katedra financií